000
00231nam a2200097Ia 4500
001
644913
005
20250826153613.0
008
250824s9999 xx 000 0 und d
245
0
_a
Ruby Rogers Anlat Bana
_c
Sue Limb
260
_b
ALTIN
999
_c
644913
_d
644913